000 00917nac a22002777a 4500
001 BR8306516
003 BR-BrBNA
005 20240105115915.0
008 230509b bl.|||m| |||| 00| 0 por d
040 _aBR-BrBNA
_bpor
_cBiblioteca Nacional de Agricultura
072 _aH10; H20
090 _a4150 BR8306516
100 1 _aMoscardi, F.
110 1 _aCentro Nacional de Pesquisa de Soja, Londrina, PR (Brasil)
_91793
245 1 _aUtilizacao de Baculovirus anticarsia para o controle da lagarta da soja, anticarsia gemmatalis
260 3 _aLondrina, PR (Brasil):
_c1983.
300 _a21 p.
490 _aComunicado Tecnico - Centro Nacional de Pesquisa de Soja (Brazil)
_vno. 23
_xISSN 0100-6606
500 _a15 ref.
650 _aVIRUS
650 _aPRAGA DE PLANTA
650 _aLAGARTA
650 _aCONTROLE BIOLOGICO
909 _a202312
_bLúcia Elande
_c55
_dLúcia Elande
942 _2AGRIS
_n0
_cMS
999 _c277011
_d277011